Πρmane Quizz #1 - Statistiques

Statistiques générales
  • Ce quiz a été pris 4 fois
  • Le résultat moyen est 10 sur 13
Statistiques - réponses
Question Réponse % Correct
" Pétasse... Et j'crache des flammes comme Arcanin. J'préfère être accusé d'antisémitisme que de viol comme Gérald Darmanin " Aucun des 2
100%
"天上太阳红呀红通通 唉 心中的太阳是毛泽东 唉" Aucun des 2
100%
"Voter c'est choisir par quel trou tu veux te faire baiser" Aucun des 2
100%
" Docteur, je fais une fausse-couche parce que la rue m’a baisé " Booba
100%
"Y a tellement de boules dans le carré VIP, j'regarde le plus gros. J'suis habitué " Kaaris
100%
" J'brûle ta mèche, tu pars en feu d'artifices de pute T'es moins proche du monument qu'de l'édifice de pute " Aucun des 2
67%
"Ouais la rumeur est vraie, mon ex avait 12 ans, C'était légal car j'ai demandé à ses parents " Aucun des 2
67%
"Est-ce que le coup d’boule dans ta grand-mère est un geste barrière ? " Booba
67%
"Le 9.3 ne sait pas sucer, et l'ours brun est mal léché " Kaaris
67%
"Hey, réveille-toi pédé, j'fais les meilleurs CDs Si j'veux j'fume papa, maman, silencieux, j'réveille pas le bébé" Kaaris
67%
" J'viens de faire un selfie avec des porcs en Subaru, J'ai le cerveau d'un génie avec le corps d'un loup-garou " Kaaris
67%
"Ma question préférée, que vais-je faire de tout cet oseille ?" Booba
33%
"J’ai fait la guerre pour habiter rue de la paix" Booba
33%
Aucun quiz correspondant
Distribution des résultats
% des personnes avec chaque résultat
Percentile par nombre de réponses
Votre historique - résultats
Vous n’avez pas pris ce quiz